00657cam a2200205 a 450000100100000000500170001000800410002702000150006804000250008308200180010810000280012624000350015424500750018926000430026430000210030753400440032865000260037265000300039870000230042800000380920200929150558.0921014s1995 ag 000 1 spa  a9501515532 aDO-SdBNPbspacBNPHU a813.54bB636u1 aBlake, Jennifer,d1942-10aArrow to the heart.lEspañol10aUna flecha al corazón /cJennifer Blake ; traducción, Ana Mazía. aBuenos Aires :bJavier Vergara,c1995. a309 p. ;c23 cm. pTítulo original :tArrow to the heart 4aNovela estadounidense 4aLiteratura estadounidense1 aMazía, Ana,etr.